LEADER 02295nam a2200421 u 4500 001 000000042795 003 CaOOAMICUS 005 20070226114351.0 008 990309m19611962enk u000 u eng u 035 $a10816782 040 $aISV$bita 041 1 $aeng$agrc 100 0 $aAristoteles,$d384-322 a.C.$0(OLS)http://pul/name/792 240 10$aMetaphysica$9(Aristoteles, 384-322 a.C.).$lInglese e greco.$0(OLS)http://pul/title/57729 245 14$aThe metaphysics /$cAristotle ; with an English translation by Hugh Tredennick. 260 $aLondon :$bW. Heinemann ;$aCambridge, Mass. :$bHarvard University Press,$c1961-1962. 300 $a2 v. ;$c17 cm 490 1 $aLoeb classical library 500 $aReprint of 1933 and 1935 ed. 500 $aGreek and English on opposite pages. 504 $aIncludes bibliographical references and index. 505 0 $av. 1. The metaphysics : books I-IX -- v. 2. Metaphysics: books X-XIV / with an English translation by Hugh Tredennick ; Oeconomica ; Magna moralia / with an English translation by G. Cyril Armstrong. 700 02$aAristoteles,$d384-322 a.C.$kOpere spurie e dubbie.$tOeconomica$9(Aristoteles, 384-322 a.C. Opere spurie e dubbie)$lInglese e greco.$0(OLS)http://pul/name/31397 700 1 $aArmstrong, G. Cyril.$0(OLS)http://pul/name/31399 700 1 $aTredennick, Hugh.$0(OLS)http://pul/name/11672 700 02$aAristoteles,$d384-322 a.C.$tMagna moralia$9(Aristoteles, 384-322 a.C.)$lInglese e greco.$0(OLS)http://pul/name/31398 830 0$aLoeb classical library.$0(OLS)http://pul/title/4029 850 $aPUL 852 $aPUL$W1$xDP1 Fondo Ciprotti$y59$m1546 D 7-8$j57753$nBK-PRI$b $qFondi$B57753$CPULBib$Z2$F57753 $H $81 852 $aPUL$W1$xDP1 Fondo Ciprotti$y59$m1546 D 7-8$j57753$nBK-PRI$b $qFondi$B57754$CPULBib$Z2$F57754 $H $81 900 $aAristotle,$d 384-322 a.C.$9792 900 $aAristotele,$d384-322 a.C.$9792 941 1 $a1 961 $aINV: F.CIPROTTI 961 $aINV: F.CIPROTTI 996 $6245$aThe metaphysics$9(OLS)http://pul/title/57730 996 $6260$aLondon :$bW. Heinemann$9(OLS)http://pul/publisher/49510 996 $6260$aCambridge, Mass. :$bHarvard University Press$9(OLS)http://pul/publisher/49509 LEADER 02134nam a2200325 a 4500 001 000000167697 003 CaOOAMICUS 005 20180517102309.0 008 180517s2018 it u000 u ita r 020 $a978-88-14-21519-3* 032 $aLibriCat 040 $aPUL$bita 082 04$a344 245 00$aManuale di diritto sanitario :$bstruttura e funzioni dell'amministrazione sanitaria; dirigenza e gestione del personale; responsabilità dei sanitari dopo la legge Gelli; gestione finanziaria; assicurazione per rischi sanitari; contenziosi civili, amministrativi e lavoristici; accesso ad atti privacy nell'amministrazione sanitaria; gare e appalti : aggiornato alla Riforma Madia (d.lgs. n. 75/2017) ed alla legge Gelli (n. 24/2017) /$cFrancesco Castiello, Vito Tenore (a cura di) ; contributi di Luca Busico ... [et al.]. 250 $a2. ed. 260 $aMilano :$bGiuffrè,$c2018. 300 $axvi, 706 p. ;$c25 cm. 504 $aBibliografia in nota a piè pagina. 650 4$aSanità$xLegislazione$yItalia.$0(OLS)http://pul/subject/38293 700 1 $aBusico, Luca.$0(OLS)http://pul/name/108033 700 1 $aCastiello, Francesco.$0(OLS)http://pul/name/37545 700 1 $aTenore, Vito.$0(OLS)http://pul/name/104021 850 $aPUL 852 $aPUL$W1$xSL Diritto e Scienze Sociali 3$y79$m344 CASFR 1$j191470$qDDC 21$B195343$CPULBib$Z2$F195343 $H130779 $81 941 1 $a9 996 $6020$a978-88-14-21519-3*$9(OLS)http://pul/number/164053 996 $6082$a344$9(OLS)http://pul/classification/749 996 $6245$aManuale di diritto sanitario :$bstruttura e funzioni dell'amministrazione sanitaria; dirigenza e gestione del personale; responsabilità dei sanitari dopo la legge Gelli; gestione finanziaria; assicurazione per rischi sanitari; contenziosi civili, amministrativi e lavoristici; accesso ad atti privacy nell'amministrazione sanitaria; gare e appalti : aggiornato alla Riforma Madia (d.lgs. n. 75/2017) ed alla legge Gelli (n. 24/2017)$9(OLS)http://pul/title/207796 996 $6260$aMilano :$bGiuffrè$9(OLS)http://pul/publisher/48401